000 00637nam a2200205 i 4500
001 135101
003 ES-MaACL
005 20230906194815.0
007 t|
008 070709s1954 sp ||||1| spa d
080 _a783.651.2
080 _a398.88
100 1 _aThomàs Sabater, Joan Maria.
_9110056
245 1 0 _aVillancicos españoles para un nacimiento barroco :
_bpoesía /
_cJuan María Thomas Sabater.
260 _aPalma de Mallorca :
_bCapella Clàssica,
_c[1954]
300 _a56 p. ;
_c22 cm.
650 _aVillancicos-
_zEspaña.
_9173069
710 2 _aCapella Clàssica (Mallorca)
_92432
852 _aES-MaACL
_jC-47806
999 _c135101
_d135101